000 00503nam a2200169 i 4500
001 134030
003 ES-MaACL
005 20230906194601.0
007 t|
008 070905s1971 sp ||||1| spa d
100 1 _aWard, E. Peter.
_9116072
245 1 3 _aLa dinámica del planning /
_cde E. Peter Ward ; traductor Luis Muñoz Tabar.
260 _aMadrid :
_bI. E. E.,
_c[1971]
300 _a431 p. :
_bil. ;
_c22 cm.
700 1 _aMuñoz Tabar, Luis.
_984506
852 _aES-MaACL
_jC-39107
_bR.79878
999 _c134030
_d134030